Modernidad -la atracción de la herejía de Baudelaire a Beckett-
Saved in:
| Hovedforfatter: | |
|---|---|
| Format: | Bog |
| Sprog: | spansk |
| Udgivet: |
Barcelona
Paidós
2007
|
| Fag: | |
| Tags: |
Tilføj Tag
Ingen Tags, Vær først til at tagge denne postø!
|
MARC
| LEADER | 00000nam a2200000 a 4500 | ||
|---|---|---|---|
| 001 | UCG2536 | ||
| 003 | CL-VaPUC | ||
| 008 | 100708e20070000SP |||||||||||||||||spa|d | ||
| 020 | |a 9788449320738 | ||
| 082 | 0 | 4 | |a 940.2 |b GAY |2 21 |
| 100 | |a Gay, Peter |e author |9 550991 | ||
| 245 | 1 | 0 | |a Modernidad -la atracción de la herejía de Baudelaire a Beckett- |
| 300 | |a 591 p | ||
| 942 | |c BK | ||
| 945 | |d 20100708 00:00:00 |a mfarfan | ||
| 260 | |a Barcelona |b Paidós |c 2007 | ||
| 650 | 0 | |a Modernidad |9 265371 | |
| 650 | 0 | |a Historia moderna |9 268036 | |
| 650 | 0 | |a Historia universal |9 266877 | |
| 583 | |a last modification |c 20100708 00:00:00 |k Rodrigo Vera | ||
| 999 | |c 341679 |d 341677 | ||
| 952 | |0 0 |1 0 |4 0 |6 940_200000000000000_GAY_2007 |7 0 |8 A |9 437328 |a BIBART |b BIBART |d 2019-11-22 |i 4694996 |o 940.2 GAY 2007 |p 4694996 |r 2025-03-13 |w 2019-11-22 |y BK |k ART | ||